近鉄大阪線の駅 - Statistics

General Stats
  • This quiz has been taken 87 times
  • The average score is 34 of 48
Answer Stats
Answer % Correct
大阪上本町
98%
鶴橋
97%
布施
97%
今里
90%
大和八木
90%
榛原
85%
伊勢中川
85%
名張
84%
近鉄八尾
82%
大阪教育大前
82%
五位堂
82%
大和朝倉
82%
俊徳道
80%
桜井
80%
河内山本
79%
高安
79%
河内国分
79%
大和高田
79%
長瀬
77%
耳成
75%
青山町
75%
赤目口
74%
伊賀神戸
74%
大福
72%
久宝寺口
70%
西青山
70%
東青山
70%
室生口大野
69%
榊原温泉口
69%
弥刀
67%
安堂
67%
恩智
64%
長谷寺
64%
二上
62%
近鉄下田
62%
桔梗が丘
62%
法善寺
61%
三本松
61%
堅下
59%
関屋
59%
伊賀上津
56%
真菅
52%
川合高岡
51%
松塚
49%
美旗
49%
伊勢石橋
46%
築山
44%
大三
41%
No matching quizzes found
Score Distribution
Percent of People with Each Score
Percentile by Number Answered
Your Score History
You have not taken this quiz